Normal view
MARC view
- Chirillo, John,Danielyan, Edgar
Entry Personal Name
001 - CONTROL NUMBER
- control field: 60811
003 - CONTROL NUMBER IDENTIFIER
- control field: NUST
005 - DATE AND TIME OF LATEST TRANSACTION
- control field: 20210628202631.0
008 - FIXED-LENGTH DATA ELEMENTS
- fixed length control field: 210628|| aca||aabn | a|a d
040 ## - CATALOGING SOURCE
- Original cataloging agency: NUST
- Transcribing agency: NUST
100 ## - HEADING--PERSONAL NAME
- Personal name: Chirillo, John,Danielyan, Edgar
670 ## - SOURCE DATA FOUND
- Source citation: Work cat.: (NUST): Chirillo, John,Danielyan, Edgar, Solaris 9 and 10, sun certified security administrator for solaris study guide., 2005
